000 00700nam a2200289Ia 4500
005 20260324135950.0
008 008 260324s9999 xx 000 0 eng d
020 _a9780429120602
037 _aEBOOK
040 _aCRL
040 _beng
040 _cCRL
041 _2eng
041 _aeng
084 _qCRL
100 _aRaj Rajagopal
_91202606
245 0 _aIntroduction to Microsoft Windows NT Cluster Server
245 0 _bProgramming and Administration
260 _bTaylor and Francis
260 _c1999
365 _a
365 _b260
856 _uhttp://www.taylorfrancis.com/books/9780429120602
942 _cEBOOK
999 _c1804192
_d1804192